01381nam a2200253Ii 45000010005000000030009000050080041000140400033000550410008000880820019000961100060001152450106001752640092002813000012003733360026003853370028004113380027004399400050004669990017005169520146005339520150006799520149008299520149009782090CO-ViMGA241108s9999||||xx |||||||||||||| ||und|| aCO-ViMGAbspaerdacCO-ViMGA0 aspa04a398.88611 M87r1 aMuseo de Artes y Tradiciones Populares. Bogotá95317410aRondas, cantos y juegos tradicionales de los niños del Litoral Atlántico Colombiano [videocasete] 1a[Lugar de publicación no identificado] : Museo de Artes y Tradiciones Populares, 1990 avolumen atextbtxt2rdacontent aunmediatedbn2rdamedia avolumebnc2rdacarrier aidficha_siabuc: 2045. -- ficha_no_siabuc:2090 c49414d49414 001040708001aMEVIGERRbMEVIGERRcGENd2004-06-30hVol.1o398.88611 M87rpECA14793r2024-11-26 09:51:05tEj.1w2024-11-26yBKz2045 | 2425 001040708InfPoTiaMEVIGERRbMEVIGERRcGENd2003-11-15hVol.1o398.88611 M87rpECA04-16r2024-11-26 09:51:05tEj.1w2024-11-26yBKz2045 | 2422 001040708InfPoTiaMEVIGERRbMEVIGERRcGENd2003-11-15hVol.1o398.88611 M87rpECA05-5r2024-11-26 09:51:05tEj.1w2024-11-26yBKz2045 | 2423 001040708InfPoTiaMEVIGERRbMEVIGERRcGENd2003-11-15hVol.2o398.88611 M87rpECA05-6r2024-11-26 09:51:05tEj.1w2024-11-26yBKz2045 | 2424